Online
Catalog

Navidades mexicanas / (Record no. 11650)

MARC details
000 -CABECERA
campo de control de longitud fija 00861cam a2200241 a 4500
001 - NÚMERO DE CONTROL
campo de control 000011981
005 - FECHA Y HORA DE LA ÚLTIMA TRANSACCIÓN
campo de control 20241017100006.0
008 - DATOS DE LONGITUD FIJA--INFORMACIÓN GENERAL
campo de control de longitud fija 020424s2001 mx a b 000 0 spa
020 ## - NÚMERO INTERNACIONAL ESTÁNDAR DEL LIBRO
Número Internacional Estándar del Libro 9701848225
040 ## - FUENTE DE LA CATALOGACIÓN
Centro catalogador/agencia de origen DO-SdBNP
Lengua de catalogación spa
Centro/agencia transcriptor LC
Centro/agencia modificador BNPHU
082 ## - NÚMERO DE LA CLASIFICACIÓN DECIMAL DEWEY
Número de clasificación 394.266372
Número de documento/Ítem I24n
049 ## - FONDOS LOCALES (OCLC)
Fondos de biblioteca BNGR
100 1# - ENTRADA PRINCIPAL--NOMBRE DE PERSONA
Nombre de persona Iglesias, Sonia.
Forma completa/desarrollada del nombre [Sonia C. Iglesias y Cabrera].
9 (RLIN) 28331
245 10 - MENCIÓN DE TÍTULO
Título Navidades mexicanas /
Mención de responsabilidad, etc. Sonia C. Iglesias y Cabrera.
260 ## - PUBLICACIÓN, DISTRIBUCIÓN, ETC.
Lugar de publicación, distribución, etc. México :
Nombre del editor, distribuidor, etc. CONACULTA,
Fecha de publicación, distribución, etc. 2001.
300 ## - DESCRIPCIÓN FÍSICA
Extensión 307 p. :
Otras características físicas il. ;
Dimensiones 21 cm.
504 ## - NOTA DE BIBLIOGRAFÍA, ETC.
Nota de bibliografía, etc. Referencias bibliográficas p. 299-303.
504 ## - NOTA DE BIBLIOGRAFÍA, ETC.
Nota de bibliografía, etc. Incluye referencias bibliográficas y notas al pie de las páginas.
650 #4 - PUNTO DE ACCESO ADICIONAL DE MATERIA--TÉRMINO DE MATERIA
Término de materia o nombre geográfico como elemento de entrada Navidad
Subdivisión geográfica México
Subdivisión general Vida social y costumbres
9 (RLIN) 28332
651 #4 - PUNTO DE ACCESO ADICIONAL DE MATERIA--NOMBRE GEOGRÁFICO
Nombre geográfico México
Subdivisión general Vida Social Y Costumbres
9 (RLIN) 27045
650 #0 - PUNTO DE ACCESO ADICIONAL DE MATERIA--TÉRMINO DE MATERIA
Término de materia o nombre geográfico como elemento de entrada Festividades Religiosas
9 (RLIN) 18297
910 ## - DATOS DE OPCIÓN DEL USUARIO (OCLC)
Datos de opción del usuario Catalogación por copia / LC
Holdings
Estado de retiro Estado de pérdida Restricciones de uso No para préstamo Código de colección Localización permanente Ubicación/localización actual Ubicación en estantería Fecha de adquisición Número de inventario Total de préstamos Signatura topográfica completa Código de barras Fecha visto por última vez Precio válido a partir de Tipo de ítem Koha
    Préstamo interno   Monografías: Libros y Folletos General General En catalogación 02.11.2009 LF1   394.266372 I24n 11981-10 25.06.2020 25.06.2020 Préstamo interno

Powered by Koha